000 01362nam a2200301 a 4500
999 _c439837
_d439837
003 BLK
005 20250522120135.0
008 211213b bul|||||r ||||||| ||bul||
020 _a9786191950430
040 _aBLK
041 _aBUL
_cBUL
080 _aФренска литература
_b821.133.1
_x-93-322.1
_z821.133.1-93-322.1
100 1 _aСент-Екзюпери, Антоан дьо
_eпърви автор
_9363958
139 _aСент-Екзюпери, Антоан дьо
_bС 33
245 1 0 _aМалкият принц
_bГоляма панорамна книга с акварели на авт.
_cАнтоан дьо Сент-Екзюпери ; прев. от фр. Константин Константинов.
250 _a3. изд.
257 _aFRA
260 _aСофия
_bКнигомания
_c[2021]
_f(Отпеч. в Китай)
_9214104
_n978-619-195- ; 978-954-8432- ; 978-954-9817- ; 954-90578-
300 _a66 с.
_bс ил.
_c26 см
380 _aDX
500 _aОриг. загл. Le petit prince / Antoane de Saint-Exupery
700 _aКонстантинов, Константин Илиев
_eпрев. от фр.
_9246218
852 _bД
_c821-93/Е 33 А
856 _i0.00
_ldisable
942 _cKNG
_n0
_016
_s1
944 _aCR
_c2021-12-13
_k30537
_lГрета Цуфелде
999 _d439837